Power generation, operation, and control / (Record no. 32748)

000 -LEADER
fixed length control field 01168cam a2200325 a 4500
001 - CONTROL NUMBER
control field 4713418
003 - CONTROL NUMBER IDENTIFIER
control field OSt
005 - DATE AND TIME OF LATEST TRANSACTION
control field 20211020160427.0
008 - FIXED-LENGTH DATA ELEMENTS--GENERAL INFORMATION
fixed length control field 830121s1984 nyua b 001 0 eng
010 ## - LIBRARY OF CONGRESS CONTROL NUMBER
LC control number 83001172
020 ## - INTERNATIONAL STANDARD BOOK NUMBER
International Standard Book Number 9788126508389
038 ## - RECORD CONTENT LICENSOR
Staff Name Khadija
040 ## - CATALOGING SOURCE
Original cataloging agency DLC
Transcribing agency DLC
Modifying agency DLC
050 00 - LIBRARY OF CONGRESS CALL NUMBER
Classification number TK1001
Item number .W64 2011
082 00 - DEWEY DECIMAL CLASSIFICATION NUMBER
Classification number 621.31
Edition number 19
Author Mark WOO
100 1# - MAIN ENTRY--PERSONAL NAME
Personal name Wood, Allen J.
9 (RLIN) 83298
245 10 - TITLE STATEMENT
Title Power generation, operation, and control /
Statement of responsibility, etc. Allen J. Wood, Bruce F. Wollenberg.
250 ## - EDITION STATEMENT
Edition statement 2nd
260 ## - PUBLICATION, DISTRIBUTION, ETC.
Place of publication, distribution, etc. New York :
Name of publisher, distributor, etc. Wiley,
Date of publication, distribution, etc. c1984.
300 ## - PHYSICAL DESCRIPTION
Extent xiv, 444 p. :
Other physical details ill. ;
Dimensions 24 cm.
504 ## - BIBLIOGRAPHY, ETC. NOTE
Bibliography, etc. note Includes bibliographical references and index.
563 ## - BINDING INFORMATION
Binding note PB
650 #0 - SUBJECT ADDED ENTRY--TOPICAL TERM
Topical term or geographic name entry element Electric power systems.
9 (RLIN) 18375
700 1# - ADDED ENTRY--PERSONAL NAME
Personal name Wollenberg, Bruce F.
9 (RLIN) 83299
856 42 - ELECTRONIC LOCATION AND ACCESS
Materials specified Contributor biographical information
Uniform Resource Identifier <a href="http://www.loc.gov/catdir/enhancements/fy0607/83001172-b.html">http://www.loc.gov/catdir/enhancements/fy0607/83001172-b.html</a>
856 42 - ELECTRONIC LOCATION AND ACCESS
Materials specified Publisher description
Uniform Resource Identifier <a href="http://www.loc.gov/catdir/enhancements/fy0607/83001172-d.html">http://www.loc.gov/catdir/enhancements/fy0607/83001172-d.html</a>
856 41 - ELECTRONIC LOCATION AND ACCESS
Materials specified Table of contents only
Uniform Resource Identifier <a href="http://www.loc.gov/catdir/enhancements/fy0607/83001172-t.html">http://www.loc.gov/catdir/enhancements/fy0607/83001172-t.html</a>
906 ## - LOCAL DATA ELEMENT F, LDF (RLIN)
a 7
b cbc
c orignew
d 1
e ocip
f 19
g y-gencatlg
942 ## - ADDED ENTRY ELEMENTS (KOHA)
Source of classification or shelving scheme
Koha item type Book
Holdings
Withdrawn status Lost status Source of classification or shelving scheme Damaged status Not for loan Permanent Location Current Location Shelving location Date acquired Full call number Barcode Date last seen Price effective from Koha item type
          School of Mechanical & Manufacturing Engineering (SMME) School of Mechanical & Manufacturing Engineering (SMME) General Stacks 11/12/2015 621.31 WOO SMME-1611 03/29/2018 11/12/2015 Book
© 2023 Central Library, National University of Sciences and Technology. All Rights Reserved.